| 000 | 00000cas 2200000za 4500 |
| 001 | 9.858370 |
| 003 | CaOODSP |
| 005 | 20251114092051 |
| 007 | cr ||||||||||| |
| 008 | 180629c20159999oncar p o f0 a0eng|d |
| 040 | |aCaOODSP|beng |
| 043 | |an-cn--- |
| 086 | 1 |aCi1-30E-PDF |
| 245 | 00|aExpress Entry year-end report ... |h[electronic resource]. |
| 246 | 3 |aExpress Entry year end report ... |
| 260 | |a[Ottawa] : |bImmigration, Refugees and Citizenship Canada, |c[2015]- |
| 310 | |aAnnual |
| 362 | 1 |aBegan with 2015. |
| 500 | |aIssued also in French under title: Entrée express - rapport de fin d'année ... |
| 692 | 07|2gccst|aImmigration policy |
| 692 | 07|2gccst|aFederal programs |
| 710 | 1 |aCanada. |bImmigration, Refugees and Citizenship Canada. |
| 775 | 08|tEntrée express - rapport de fin d'année ... |w(CaOODSP)9.858371 |